| 000 | 00883cam a2200265 a 4500 | ||
|---|---|---|---|
| 001 | 17036683 | ||
| 003 | OSt | ||
| 005 | 20250430131137.0 | ||
| 008 | 111107s2011 ke b 000 0 eng | ||
| 010 | _a | ||
| 040 |
_aDLC _cDLC _dDLC |
||
| 042 |
_alcode _apcc |
||
| 043 | _af-ke--- | ||
| 050 | 0 | 0 |
_aKSK1750 _b.C648 2012 |
| 245 | 0 | 4 | _aThe constitution of Kenya : |
| 260 |
_aNairobi, Kenya : _bNational Council for Law Reporting Pub., _bUraia Trust _cc2012. |
||
| 300 |
_a282 p. ; _c21 cm. |
||
| 504 | _aIncludes bibliographical references (p. [307]-340). | ||
| 650 | 0 |
_aConstitutional law _zKenya. |
|
| 710 | 2 | _aNational Council for law Reporting | |
| 856 | 4 | 1 |
_3Table of contents only _uhttp://www.loc.gov/catdir/toc/fy13pdf02/2011343875.html |
| 906 |
_a7 _bcbc _corigode _d2 _encip _f20 _gy-gencatlg |
||
| 942 |
_2lcc _cBK |
||
| 999 |
_c264851 _d264850 |
||